| 000 | 00864nam a2200265Ia 4500 | ||
|---|---|---|---|
| 008 | 160803s9999 xx 000 0 und d | ||
| 020 | _a9780439162203 | ||
| 100 | _aSpinelli, Jerry | ||
| 245 | _aKnots in my yo-yo string : | ||
| 245 | _cthe autobiography of a kid / by Jerry Spinelli. | ||
| 260 | _aNew York : | ||
| 260 | _bScholastic Inc. | ||
| 260 | _c1998 | ||
| 300 | _a148 pages : | ||
| 300 | _billustrations, map, portraits ; | ||
| 300 | _c20 cm. | ||
| 650 | _a Spinelli, Jerry -- Childhood and youth -- | ||
| 650 | _aAuthors, American -- 20th century -- Biography -- | ||
| 650 | _aItalian Americans -- Pennsylvania -- Norristown -- Biography -- | ||
| 650 | _aNorristown (Pa.) -- Social life and customs -- | ||
| 650 | _xJuvenile literature. | ||
| 650 | _xJuvenile literature. | ||
| 650 | _xJuvenile literature. | ||
| 700 | _a980 | ||
| 999 |
_c299602 _d299602 |
||